La Prevenció dels incendis forestals : comunicacions presentades els dies 1 i 2 de juny de 1987 a l'Institut d'Estudis Catalans, Saló Prat de la Riba, Barcelona comunicacions presentades els dies 1 i 2 de juny de 1987 a l'Institut d'Estudis Catalans, Saló Prat de la Riba, Barcelona
Descripción Física:
94 p. : amb map. ; 29'5 cm
MARC
| LEADER | 00000nam a2200000Ia 4500 | ||
|---|---|---|---|
| 001 | 12588 | ||
| 008 | 160829s1989 xx 000 0 cat d | ||
| 080 | |a C-2-6 | ||
| 245 | |a La Prevenció dels incendis forestals : |b comunicacions presentades els dies 1 i 2 de juny de 1987 a l'Institut d'Estudis Catalans, Saló Prat de la Riba, Barcelona | ||
| 260 | |a Barcelona : |b Diputació de Barcelona. Servei de Parcs Naturals, |c 1989 | ||
| 300 | |a 94 p. : |b amb map. ; |c 29'5 cm | ||
| 650 | 0 | |a Incendis forestals |x Prevenció i control |9 50256 | |
| 710 | 2 | |a Institut d'Estudis Catalans |9 52284 | |
| 710 | |a Barcelona (Catalunya : Província). |b Servei de Parcs Naturals |9 53492 | ||
| 901 | |a Arxiu | ||
| 942 | |n 1 | ||
| 952 | |0 0 |1 0 |4 0 |6 C26 |7 1 |9 49075 |a Arxiu |b Arxiu |d 2016-12-01 |l 0 |o C-2-6 |p 12588 |r 2016-12-01 00:00:00 |w 2016-12-01 |y ARXIU | ||
| 999 | |c 52912 |d 52912 | ||